000 00808nam a2200253Ia 4500
003 OSt
005 20220918172104.0
006 a|||||r|||| 00| 0
007 ta
008 220917b |||||||| |||| 00| 0 eng d
020 _a9789352909421 (hbk)
_cINR 995.00
024 _a352,825
037 _bIN3863/2019-20, 11/03/2020, R. K. Books
_cTextual
040 _aARTS
_cARTS
_beng
041 _2eng
_aeng
082 _aV2y7N17, Q9
100 _aSen Suhit K. Au.
_940191
245 0 _aParadox of populism
_b Indira Gandhi years 1966 - 1977
260 _aDelhi
_bPrimus Books India
_c2019
300 _aviii,294p.
_ccm.
650 _aGANDHI, INDIRA; HISTORY
_940192
942 _hV2y7N17, Q9
_cTEXL
_2CC
999 _c142550
_d142550